000 02270cam a22001934a 4500
005 20250605164242.0
008 250528s ||||||||||||||||||||||||d
035 _a21377
020 _a9789600229134
040 _aGR-AtMCL
_bgre
_dGR-AtMCL
_eAACR2
245 1 _aΗ Αποκλειστική Οικονομική Ζώνη και το Διεθνές Δικαιο
260 _bΠαπαζήση,
_c2013
300 _a143
520 _aΤο παρόν βιβλίο είναι καρπός μιας απόφασης για την ανάγκη ενημέρωσης όσων χρησιμοποιούν στην πράξη το Διεθνές Δίκαιο, αλλά και όσων με ευκολία το φέρουν στα χείλη τους χωρίς ιδιαίτερους δισταγμούς. Πρόλογος, Η Αποκλειστική Οικονομική Ζώνη, Εισαγωγή, Θεσμοθέτηση της ΑΟΖ και η Νομική Φύση της, Η Κήρυξη της ΑΟΖ και η Οριοθέτηση της, Η Ελληνική Περίπτωση, Ορισμένες Καταληκτικές Σκέψεις, Η Εφαρμογή του Διεθνούς Δικαίου της Θάλασσας ως Συμβατικό και ως Εθιμικό Δίκαιο, Εισαγωγή, Η Σχέση Εθίμου και Συμβάσεων, Η Σύμβαση για το Δίκαιο της Θάλασσας και το Εθιμικό Δίκαιο, Το Εφαρμοστέο Δίκαιο στις Ελληνοτουρκικές Σχέσεις, Ορισμένες Καταληκτικές Σκέψεις, Η Αποκλειστική Οικονομική Ζώνη και το Διεθνές Δίκαιο, Η Στενή Αλληλεξάρτηση Διεθνούς Δικαίου και Διεθνούς Πολιτικής, Εισαγωγή, Η Δημιουργία του Διεθνούς Δικαίου από τη Διεθνή Πολιτική, Η Επίδραση του Διεθνούς Δικαίου στη Διεθνή Πολιτική, Ορισμένες Καταληκτικές Σκέψεις, Βιβλιογραφία, Χάρτες.
700 1 _aΡοζάκης Χρήστος Λ
_97424
942 _cBK
999 _c6440
_d6440